LEADER 01390nam a2200301 i 4500 001 000000149505 003 CaOOAMICUS 005 20100713000000.0 008 100713s2004 it u000 u ita u 013 $a126827 020 $a88-7652-996-9 040 $aSeMil$bita 100 1 $aForconi, Maria Cristina.$0(OLS)http://semarc/name/34619 245 10$aTu, solamente tu :$bantropologia come fondamento dell'unità e dell'indissolubilità del patto matrimoniale /$cMaria Cristina Forconi. 260 $aRoma :$bPontificia Università Gregoriana,$c2004. 300 $aXVI, 218 p. ;$c21 cm. 490 0 $aLe vette 500 $aContiene : Bibliografia. - Dono del Card. Dionigi Tettamanzi. 650 4$aMatrimonio - Concezione cristiana.$0(OLS)http://semarc/subject/383 650 4$aDiritto canonico.$0(OLS)http://semarc/subject/207 830 3$aLe vette.$0(OLS)http://semarc/title/11270 850 $aSeMil 852 $aSeMil$W1$xVenegono$y1$m2J II 20$j255246$B101713$CSeMilBibl$Z2$F112841 $81 941 1 $a5 961 $aOmaggio: Tettamanzi Card. Dionigi 996 $6020$a88-7652-996-9$9(OLS)http://semarc/number/138602 996 $6245$aTu, solamente tu :$bantropologia come fondamento dell'unità e dell'indissolubilità del patto matrimoniale$9(OLS)http://semarc/title/218514 996 $6260$aRoma :$bPontificia Università Gregoriana$9(OLS)http://semarc/publisher/29750 LEADER 01059nam a2200241 i 4500 001 000000189517 003 CaOOAMICUS 005 20100510000000.0 008 100510s1924 it u000 u ita u 013 $a167791 040 $aSeMil$bita 100 1 $aBridel, Philippe,$d<1852-1936>.$0(OLS)http://semarc/name/33801 245 13$aIl pensiero religioso di Alessandro Vinet /$cPhilippe Bridel ; con introduzione di Enrico Meynier. 260 $aRoma :$bRivista Bilychnis,$c1924. 300 $a68 p. ;$c25 cm. 490 0 $aQuaderni di Bilychnis ;$vN.18. 650 4$aVinet, Alessandro - Pensiero religioso.$0(OLS)http://semarc/subject/28111 700 1 $aMeynier, Enrico.$0(OLS)http://semarc/name/69332 830 0$aQuaderni di Bilychnis ;$vN.18.$0(OLS)http://semarc/title/31031 850 $aSeMil 852 $aSeMil$W1$xVenegono$y1$m2X V 84$j140148$B140148$CSeMilBibl$Z2$F151751 $81 996 $6245$aIl pensiero religioso di Alessandro Vinet$9(OLS)http://semarc/title/272848 996 $6260$aRoma :$bRivista Bilychnis$9(OLS)http://semarc/publisher/35844